Security fog generators (Record no. 108056)

MARC details
000 -LEADER
fixed length control field 00950cam a22002535a 4500
001 - CONTROL NUMBER
control field L143072
008 - FIXED-LENGTH DATA ELEMENTS--GENERAL INFORMATION
fixed length control field 080407s2008 xxk of 000 0 eng d
020 ## - INTERNATIONAL STANDARD BOOK NUMBER
International Standard Book Number 9781848060357
035 ## - SYSTEM CONTROL NUMBER
System control number (Sirsi) u143072
041 0# - LANGUAGE CODE
Language code of text/sound track or separate title eng
050 04 - LIBRARY OF CONGRESS CALL NUMBER
Classification number 696.8 $2 18
100 1# - MAIN ENTRY--PERSONAL NAME
Personal name Holden, John
245 00 - TITLE STATEMENT
Title Security fog generators
260 ## - PUBLICATION, DISTRIBUTION, ETC.
Place of publication, distribution, etc. Watford
Name of publisher, distributor, etc. IHS BRE
Date of publication, distribution, etc. 2008
300 ## - PHYSICAL DESCRIPTION
Extent 6p.
Other physical details ill.
Dimensions 2008
490 #0 - SERIES STATEMENT
Series statement BRE Digest
Volume/sequential designation DG 506
520 ## - SUMMARY, ETC.
Summary, etc. Security fog generators are designed to protect premises during the period between the activation of an intruder alarm and the arrival of security personnel. This digest provides an overview of security fog generators, looking at aspects of their operation and performance that should be considered when deciding whether to deploy them.
521 2# - TARGET AUDIENCE NOTE
Target audience note Advanced
590 ## - LOCAL NOTE (RLIN)
Local note KA
651 #4 - SUBJECT ADDED ENTRY--GEOGRAPHIC NAME
Geographic name United Kingdom
Chronological subdivision
690 ## - LOCAL SUBJECT ADDED ENTRY--TOPICAL TERM (OCLC, RLIN)
Topical term or geographic name as entry element Block management
9 (RLIN) 6220
710 2# - ADDED ENTRY--CORPORATE NAME
Corporate name or jurisdiction name as entry element Building Research Establishment
942 ## - ADDED ENTRY ELEMENTS (KOHA)
Suppress in OPAC 0
Holdings
Withdrawn status Lost status Source of classification or shelving scheme Damaged status Not for loan Home library Current library Shelving location Date acquired Total Checkouts Full call number Barcode Date last seen Copy number Price effective from Koha item type
    Dewey Decimal Classification     London London BRE publications 07/04/2008   ENQUIRY DESK 30072581 06/08/2019 1 06/08/2019 Book